[Event "VIII Int Rapid"]
[Site "El Sauzal ESP"]
[Date "2007.11.03"]
[Round "5"]
[White "Khenkin,I"]
[Black "Rodriguez,Am"]
[Result "1-0"]
[WhiteElo "2600"]
[BlackElo "2481"]

1.d4 Nf6 2.c4 e6 3.Nc3 Bb4 4.f3 d5 5.a3 Bxc3+ 6.bxc3 c5 7.cxd5 Nxd5 8.dxc5 Qa5
9.e4 Nc7 10.Qd4 f6 11.Qb4 Nc6 12.Qxa5 Nxa5 13.Rb1 Bd7 14.Ne2 e5 15.Nd4 exd4
16.cxd4 O-O 17.Bd2 b6 18.Bxa5 bxa5 19.Bc4+ Kh8 20.Rb7 Rfc8 21.d5 Rab8 22.Rxb8 Rxb8
23.Kd2 g6 24.Rd1 Kg7 25.d6 Ne6 26.Bd5 Kf8 27.f4 Rd8 28.Ke3 Ng7 29.Rb1 Ne6
30.Bxe6 Bxe6 31.Kd4 Ke8 32.e5 fxe5+ 33.fxe5 Kd7 34.Rb7+ Kc6 35.Rc7+ Kb5  1-0

[Event "VIII Int Rapid"]
[Site "El Sauzal ESP"]
[Date "2007.11.04"]
[Round "7"]
[White "Khenkin,I"]
[Black "Dgebuadze,A"]
[Result "0-1"]
[WhiteElo "2600"]
[BlackElo "2505"]

1.d4 Nf6 2.c4 e6 3.Nc3 Bb4 4.f3 c5 5.d5 d6 6.e4 O-O 7.Bd2 exd5 8.cxd5 a6
9.Nge2 Nbd7 10.Ng3 b5 11.Be2 c4 12.Be3 Bc5 13.Bxc5 Nxc5 14.b4 cxb3 15.axb3 b4
16.Nb5 Qb6 17.Nd4 a5 18.Ngf5 Re8 19.g4 Bxf5 20.Nxf5 a4 21.bxa4 b3 22.Bb5 Ncxe4
23.fxe4 Rxe4+ 24.Be2 Rae8 25.Ng3 Rd4 26.Qb1  0-1

[Event "Cup Russia"]
[Site "Serpukhov RUS"]
[Date "2007.11.07"]
[Round "2.7"]
[White "Volkov,Sergey1"]
[Black "Lysyj,I"]
[Result "0-1"]
[WhiteElo "2648"]
[BlackElo "2591"]

1.d4 Nf6 2.c4 e6 3.Nc3 Bb4 4.f3 O-O 5.a3 Bxc3+ 6.bxc3 Ne8 7.e4 b6 8.Nh3 Ba6
9.Bd3 Nc6 10.O-O Na5 11.Qe2 c5 12.e5 f6 13.Bf4 cxd4 14.cxd4 Rc8 15.Rac1 Qe7
16.Rc3 d5 17.exd6 Nxd6 18.c5 Bxd3 19.Qxd3 Nf7 20.Rfc1 Rfd8 21.Qa6 Qb7 22.Qxb7 Nxb7
23.Be3 bxc5 24.dxc5 Rc6 25.Rb3 Rd7 26.Rcb1 Nfd8  0-1

[Event "Cup Russia"]
[Site "Serpukhov RUS"]
[Date "2007.11.08"]
[Round "2.3"]
[White "Volkov,Sergey1"]
[Black "Lysyj,I"]
[Result "1/2-1/2"]
[WhiteElo "2648"]
[BlackElo "2591"]

1.d4 Nf6 2.c4 e6 3.Nc3 Bb4 4.f3 O-O 5.a3 Bxc3+ 6.bxc3 Ne8 7.e4 b6 8.Nh3 Ba6
9.Bd3 Nc6 10.Qe2 Na5 11.O-O c5 12.e5 f6 13.Bf4 cxd4 14.cxd4 Rc8 15.Rac1 Qe7
16.c5 Bxd3 17.Qxd3 bxc5 18.exf6 Nxf6 19.dxc5 e5 20.Be3 Nc6 21.Ng5 h6 22.Ne4 Nxe4
23.Qxe4 Qe6 24.Rfd1 Rf7 25.Rd6 Qb3 26.Rd3 Qa2 27.Rcd1 Rb8 28.h4 Rb2 29.R1d2 Rxd2
30.Bxd2 Nd4 31.Kh2 Qc4 32.Be3 Qxc5 33.Bxd4 exd4 34.Qxd4 Qf5 35.Kg3 Qg6+ 36.Kf2 Kh7
37.Rd2 a6 38.Qd3 Qxd3 39.Rxd3 Rf4 40.h5 Rb4 41.Ke3 Ra4 42.Kd2 Kg8 43.Kc2 Kf8
44.Kb3 Ke7 45.g3 Ra5 46.g4 Rb5+ 47.Kc4 Ke6 48.Re3+ Kf6 49.Kd4 Ra5 50.Kc4 Rb5
51.Kc3 Rc5+ 52.Kb3 Rb5+ 53.Kc4 Ra5 54.Kd4 Rb5 55.Rc3 Ra5 56.Rd3 Ke6 57.Re3+ Kf6
58.Kc4 Rb5 59.Rd3 Ke6 60.Re3+ Kf6 61.Rd3 Ke6 62.Re3+ Kf6 63.Kd4 Ra5 64.Kc4 Rb5
65.Kc3 Rc5+ 66.Kb3 Rb5+ 67.Kc4 Ra5 68.Kd4 Rb5 69.Rc3 Ra5 70.Rd3 Ke6 71.Re3+ Kf6
72.Kc4 Rb5 73.Rd3 Ke6 74.Re3+ Kf6 75.a4 d5+ 76.Kd4 Rb4+ 77.Kxd5 Rxa4 78.Re6+  1/2-1/2

[Event "4NCL"]
[Site "Birmingham ENG"]
[Date "2007.11.11"]
[Round "4"]
[White "Palliser,R"]
[Black "Briscoe,C"]
[Result "1-0"]
[WhiteElo "2417"]
[BlackElo "2273"]

1.d4 Nf6 2.c4 e6 3.Nc3 Bb4 4.f3 d5 5.a3 Bxc3+ 6.bxc3 c5 7.cxd5 Nxd5 8.dxc5 f5
9.Nh3 O-O 10.Nf4 Qf6 11.Nxd5 exd5 12.Qxd5+ Be6 13.Qd4 Qf7 14.e3 Nc6 15.Qh4 Ne5
16.Be2 Rac8 17.a4 Bc4 18.Bxc4 Nxc4 19.O-O Rxc5 20.Rb1 b6 21.Rd1 Qe8 22.Rb5 Nxe3
23.Rxc5 Nxd1 24.Rc7 Kh8 25.h3 Qd8 26.Qg3 Qf6 27.Kh2 h6 28.Rd7 Ne3 29.Bxe3 f4
30.Bxf4 Qxf4 31.Qxf4 Rxf4 32.Rxa7 Rc4 33.Ra6 Rxc3 34.Rxb6 Ra3 35.Rb4 h5 36.Kg3 Kh7
37.Kf4 Kh6 38.h4 Ra2 39.g3 g6 40.Ke5 Ra3 41.Rf4 Rd3 42.Ke4 Rd1 43.Ke3 Ra1
44.Rd4 Ra3+ 45.Ke4 Kg7 46.Rd7+ Kf6 47.Ra7 Ke6 48.Kf4 Kf6 49.Ra6+ Kf7 50.a5 Rc3
51.g4 Rc4+ 52.Kg5 Rc5+ 53.Kh6 hxg4 54.fxg4 Rd5 55.g5 Rd4 56.Ra7+ Kf8 57.Kxg6 Rxh4
58.Rh7 Ra4 59.Rh8+ Ke7 60.Ra8 Ra1 61.a6 Ke6 62.a7 Ra6 63.Kh5 Ra2 64.Re8+ Kf5
65.Rf8+  1-0

[Event "TCh-HUN 2007-8"]
[Site "Budapest HUN"]
[Date "2007.11.11"]
[Round "2"]
[White "Galyas,M"]
[Black "Balogh,C"]
[Result "1/2-1/2"]
[WhiteElo "2433"]
[BlackElo "2562"]

1.d4 Nf6 2.c4 e6 3.Nc3 Bb4 4.f3 d5 5.a3 Bxc3+ 6.bxc3 c5 7.cxd5 Nxd5 8.dxc5 Qa5
9.e4 Nf6 10.Be3 O-O 11.Qb3 Nfd7 12.a4 Qc7 13.Qa3 Nc6 14.a5 f5 15.Nh3 fxe4
16.fxe4 b6 17.axb6 Qe5 18.Nf2 Bb7 19.Be2 axb6 20.Qb2 Rxa1+ 21.Qxa1 Nxc5 22.O-O Ra8
23.Qc1 Nxe4 24.Nxe4 Qxe4  1/2-1/2

[Event "Open"]
[Site "Rijeka CRO"]
[Date "2007.11.28"]
[Round "5"]
[White "Sirletti,S"]
[Black "Valenti,G"]
[Result "0-1"]
[WhiteElo "1999"]
[BlackElo "2207"]

1.d4 Nf6 2.c4 e6 3.Nc3 Bb4 4.f3 c5 5.a3 Bxc3+ 6.bxc3 Qa5 7.Qd2 Nc6 8.e3 O-O
9.Bd3 d5 10.cxd5 exd5 11.Ne2 Re8 12.O-O b6 13.Ng3 Ba6 14.Bxa6 Qxa6 15.Bb2 Na5
16.Rae1 Nc4 17.Qc1 Qb5 18.Rf2 Rac8 19.Rc2 Qb3 20.Nf1 Qa4 21.Ree2 Re6 22.Kf2 Rce8
23.Re1 cxd4 24.cxd4 Qb3 25.Nd2 Nxd2 26.Qxd2 Rxe3 27.Rxe3 Rxe3 28.Rc8+ Re8
29.Rc7 a5 30.Rc3 Qb5 31.Qc2 Qd7 32.a4 Qe6 33.Qd2 Qd7 34.Qc2 Qe7 35.Qc1 Qb4
36.Rc6 b5 37.axb5 Qxb5 38.Rc5 Qe2+ 39.Kg1 Ra8 40.Qc3 a4 41.Ba3 h6 42.Qb4 Qd1+
43.Kf2 Re8 44.Rc1 Qd3 45.Qxa4 Re2+ 46.Kg1 Qe3+ 47.Kf1 Qf2+  0-1

[Event "TCh-BEL 2007-8"]
[Site "Belgium BEL"]
[Date "2007.12.02"]
[Round "5"]
[White "Veltkamp,G"]
[Black "Lazarev,V"]
[Result "1/2-1/2"]
[WhiteElo "2205"]
[BlackElo "2488"]

1.d4 Nf6 2.c4 e6 3.Nc3 Bb4 4.f3 d5 5.e3 O-O 6.a3 Bxc3+ 7.bxc3 c6 8.cxd5 cxd5
9.Bd3 b6 10.Ne2 Ba6 11.O-O Qc8 12.e4 Bxd3 13.Qxd3 Qa6 14.Qxa6 Nxa6 15.Bg5 Nd7
16.exd5 exd5 17.Bf4 Rfe8 18.Kf2 Rac8 19.Rfb1 Rc6 20.a4 Rce6 21.Ra2 Nab8 22.Bxb8 Rxb8
23.Nf4 Rd6 24.Rb5 Nf6 25.a5 g5 26.Ne2 Rc8 27.axb6 axb6 28.Ra6 Rb8 29.Ng3 h5
30.Nf5 Re6 31.Ra7 Kf8 32.Ne3 Rd6 33.Ke2 h4 34.Kd3 Rdd8 35.Nf5 h3 36.g3 Re8
37.Ne3 Red8 38.Rb1 Re8 39.Nf5 Re6 40.Rba1 g4 41.Ra8 Ree8 42.Rxb8 Rxb8 43.Ke3 gxf3
44.Kxf3 Ne4 45.Ra3 Rc8 46.Ra6 Rb8 47.Ra3 Rc8 48.Ra6 Rb8 49.Ra3  1/2-1/2

[Event "Parsvnath ch-Commonwealth"]
[Site "New Delhi IND"]
[Date "2007.12.03"]
[Round "2"]
[White "Harika,D"]
[Black "Premnath,R"]
[Result "1-0"]
[WhiteElo "2480"]
[BlackElo "2254"]

1.d4 Nf6 2.c4 e6 3.Nc3 Bb4 4.f3 d5 5.a3 Bxc3+ 6.bxc3 O-O 7.cxd5 Qxd5 8.e4 Qa5
9.Bd2 c5 10.Bd3 Rd8 11.Ne2 Nc6 12.O-O Qc7 13.Be3 cxd4 14.cxd4 h6 15.Rc1 Qe7
16.Qb3 a6 17.Rc3 Bd7 18.Rfc1 Be8 19.Bb1 a5 20.Qc2 Nd7 21.Nf4 Nf8 22.Qf2 Qf6
23.d5 Ne5 24.Qg3 Neg6 25.dxe6 Nxf4 26.exf7+ Bxf7 27.Qxf4 Rd1+ 28.Kf2 Qxf4
29.Bxf4 Rxc1 30.Rxc1 b5 31.Bd6 Bc4 32.a4 Ra6 33.e5 Ra8 34.axb5 Bxb5 35.Ba2+ Kh8
36.Rc5 Bd7 37.Bxf8 Rxf8 38.e6 Ba4 39.Rxa5  1-0

[Event "Chigorin Mem A"]
[Site "St Petersburg RUS"]
[Date "2007.12.03"]
[Round "3"]
[White "Konovalov,N"]
[Black "Yemelin,V"]
[Result "1/2-1/2"]
[WhiteElo "2453"]
[BlackElo "2564"]

1.d4 Nf6 2.c4 e6 3.Nc3 Bb4 4.f3 c5 5.d5 Nh5 6.Nh3 d6 7.g4 Nf6 8.Nf2 O-O 9.e4 b5
10.dxe6 fxe6 11.e5 dxe5 12.Qxd8 Rxd8 13.g5 Nh5 14.cxb5 a6 15.Ne4 Nf4  1/2-1/2

[Event "Parsvnath ch-Commonwealth"]
[Site "New Delhi IND"]
[Date "2007.12.05"]
[Round "4"]
[White "Akash,P"]
[Black "Phoobalan,P"]
[Result "0-1"]
[WhiteElo "1873"]
[BlackElo "2250"]

1.d4 Nf6 2.c4 e6 3.Nc3 Bb4 4.f3 c5 5.d5 Bxc3+ 6.bxc3 e5 7.e3 d6 8.Bd3 Qe7
9.Qc2 Nbd7 10.Ne2 e4 11.fxe4 Ne5 12.Ng3 Nxd3+ 13.Qxd3 Qe5 14.O-O h5 15.Nf5 g6
16.Nh4 Qxe4 17.Qxe4+ Nxe4 18.Nf3 O-O 19.Bd2 b6 20.Be1 Ba6 21.Nd2 f5 22.Nxe4 fxe4
23.Rxf8+ Rxf8 24.Bg3 Bxc4 25.Bxd6 Rd8 26.Bf4 Rxd5 27.Kf2 Kg7 28.Kg3 g5 29.Bb8 h4+
30.Kh3 Rd7 31.g3 Be6+ 32.Kg2 h3+ 33.Kg1 Bc4 34.Kf2 Rd2+ 35.Kg1 Rg2+ 36.Kh1 Be2
37.Rg1 Rf2 38.Re1 Bf3+ 39.Kg1 Rg2+ 40.Kf1 Rxh2 41.g4 Rxa2 42.Kg1 h2+  0-1

[Event "SVDB IM Norm"]
[Site "Eupen BEL"]
[Date "2007.12.13"]
[Round "7"]
[White "Meessen,R"]
[Black "Roeder,M"]
[Result "1/2-1/2"]
[WhiteElo "2303"]
[BlackElo "2452"]

1.d4 Nf6 2.c4 e6 3.Nc3 Bb4 4.f3 d5 5.a3 Bxc3+ 6.bxc3 c5 7.cxd5 Nxd5 8.Qd3 b6
9.e4 Ba6 10.Qd2 Bxf1 11.Kxf1 Ne7 12.Ne2 Nbc6 13.h4 O-O 14.h5 f5 15.h6 g6
16.Kg1 fxe4 17.fxe4 Qd6 18.Qd3 Rf7 19.Bg5 Raf8 20.Rd1 b5 21.Qxb5 cxd4 22.cxd4 Qxa3
23.Rh3 Qa2 24.Rf3 Rxf3 25.gxf3 Rb8 26.Qd3 Rb2 27.Rd2 Rb1+ 28.Kg2 Qa1 29.Rc2 Qa5
30.Bd2 Qh5 31.Ng3 Qb5 32.Qa3 Kf7 33.Qe3 Rb2 34.Rxb2 Qxb2 35.Ne2 a5 36.Bc3 Qb5
37.Qf4+ Ke8 38.Kf2 Qb6 39.Qf6 e5 40.Kg3 Qb5 41.d5 Qxe2 42.dxc6 Qe3 43.Qh8+ Kf7
44.Qg7+ Ke8 45.Qxe5 Qg1+ 46.Kh3 Qh1+ 47.Kg3 Qg1+ 48.Kh3 Qh1+ 49.Kg4 Qg2+
50.Kf4 Qh2+ 51.Ke3 Qxe5 52.Bxe5 Nxc6 53.Bb2 Kf7 54.f4 Ke6 55.Kd3 Nd8 56.Ba3 a4
57.Kc4 Nf7 58.Bf8 a3 59.Bxa3 Nxh6 60.Kd3 Nf7 61.Ke3 h5 62.Kf3 Kf6 63.Kg3 Ke6
64.Kh4 Kf6 65.Bb4 Ke6 66.Kg3 Kf6 67.Bc3+ Ke6 68.Kf3 Nd8 69.Be1 Nf7 70.Bh4 Nd6
71.Ke3 Nf7 72.Kd4 Nd6 73.Be1 Ne8 74.Ba5 Nd6 75.Bd8 Nb5+ 76.Ke3 Nd6 77.Bc7 Nf7
78.Kf3 Kd7 79.Bb8 Ke6 80.Kg3 Kf6 81.Bc7 Ke6 82.Kh4 Kf6 83.Bb6 Ke6 84.Bc7 Kf6
85.Kh3 Ke6 86.Kg3 Kd7 87.Bb8 Ke6 88.Kf3 Nh6 89.Ba7  1/2-1/2

[Event "7th Amplico AIG Life"]
[Site "Warsaw POL"]
[Date "2007.12.15"]
[Round "2"]
[White "Kozak,Ma"]
[Black "Bartel,Mat"]
[Result "0-1"]
[WhiteElo "2179"]
[BlackElo "2608"]

1.d4 Nf6 2.c4 e6 3.Nc3 Bb4 4.f3 d5 5.a3 Bxc3+ 6.bxc3 O-O 7.e3 b6 8.cxd5 exd5
9.Bd3 Ba6 10.Ne2 Bxd3 11.Qxd3 Re8 12.O-O c5 13.c4 cxd4 14.Nxd4 Nbd7 15.Nc6 Nc5
16.Qc3 Qd7 17.Nd4 Rac8 18.Bd2 Na4 19.Qb3 dxc4 20.Qc2 b5 21.Rfe1 Nc5 22.Bc3 Nd3
23.Re2 Nd5 24.e4 Nxc3 25.Qxc3 Qd6 26.Kh1 a6 27.Rd1 Qe5 28.Red2 h6 29.g3 a5
30.Rxd3 cxd3 31.Qxd3 Red8 32.f4 Qc5 33.Qe3 Rd7  0-1

[Event "7th Amplico AIG Life"]
[Site "Warsaw POL"]
[Date "2007.12.15"]
[Round "3"]
[White "Grabliauskas,V"]
[Black "Jakubowski,Mar"]
[Result "1-0"]
[WhiteElo "2433"]
[BlackElo "2220"]

1.d4 Nf6 2.c4 e6 3.Nc3 Bb4 4.f3 c5 5.d5 exd5 6.cxd5 d6 7.e4 O-O 8.Bd3 Nbd7
9.Ne2 Qc7 10.O-O a6 11.Ng3 Re8 12.Bc2 c4 13.Kh1 Bc5 14.Nce2 Ne5 15.Bg5 Nfd7
16.Nf5 g6 17.Nh6+ Kg7 18.f4 Nd3 19.Bxd3 cxd3 20.Qxd3 f6 21.Rac1 fxg5 22.Qc3+ Ne5
23.fxe5 Kxh6 24.e6 Re7 25.b4 b6 26.bxc5 bxc5 27.Qf6 Bb7 28.Rc3 g4 29.Rg3  1-0

[Event "7th Amplico AIG Life"]
[Site "Warsaw POL"]
[Date "2007.12.15"]
[Round "6"]
[White "Moranda,W"]
[Black "Drozdovskij,Y"]
[Result "1/2-1/2"]
[WhiteElo "2533"]
[BlackElo "2567"]

1.d4 Nf6 2.c4 e6 3.Nc3 Bb4 4.f3 O-O 5.a3 Bxc3+ 6.bxc3 Nh5 7.Nh3 f5 8.Nf2 d6
9.e4 fxe4 10.Nxe4 Nc6 11.Bg5 Qe8 12.Bd3 h6 13.Be3 Nf4 14.O-O e5 15.d5 Ne7
16.Bxf4 exf4 17.Qd2 b6 18.Rae1 Qf7 19.Nf2 Bd7 20.Be4 Rae8 21.Nd3 g5 22.g3 fxg3
23.hxg3 Nf5 24.Qh2 Qf6 25.Nf2 Ng7 26.g4 Re7 27.Kg2 Be8 28.Re3 Bf7 29.Rh1 h5
30.gxh5 Nxh5 31.Ng4 Qf4 32.Nh6+ Kg7 33.Nxf7 Qxe3 34.Qxh5 Qd2+ 35.Kg3 Qf4+
36.Kg2 Qd2+ 37.Kg3  1/2-1/2

[Event "4th SICC Masters"]
[Site "Singapore SIN"]
[Date "2007.12.17"]
[Round "2"]
[White "Sadorra,J"]
[Black "Sukandar,I"]
[Result "1-0"]
[WhiteElo "2414"]
[BlackElo "2275"]

1.d4 Nf6 2.c4 e6 3.Nc3 Bb4 4.f3 O-O 5.a3 Bxc3+ 6.bxc3 d5 7.cxd5 exd5 8.e3 Re8
9.Bd3 Nc6 10.Ne2 Ne7 11.Ng3 h5 12.O-O h4 13.Nh1 Nf5 14.Re1 Nd6 15.Nf2 Nh7
16.e4 h3 17.g3 dxe4 18.fxe4 b6 19.e5 Nb7 20.Qh5 Nf6 21.Qh4 Qd5 22.Re4 Nh7
23.c4 Qd8 24.Qh5 g6 25.Qh6  1-0

[Event "Open A"]
[Site "Zadar CRO"]
[Date "2007.12.17"]
[Round "2"]
[White "Cebalo,M"]
[Black "Rezan,S"]
[Result "0-1"]
[WhiteElo "2550"]
[BlackElo "2398"]

1.d4 e6 2.c4 Nf6 3.Nc3 Bb4 4.f3 d5 5.a3 Bxc3+ 6.bxc3 c5 7.cxd5 Nxd5 8.dxc5 Qa5
9.e4 Nf6 10.Be3 O-O 11.Qb3 Nfd7 12.Bb5 Qc7 13.Qb4 Na6 14.Bxa6 bxa6 15.Nh3 e5
16.O-O Rb8 17.Qc4 Nb6 18.Qb3 Na8 19.Qc2 Bxh3 20.gxh3 Qc8 21.Qg2 Rb3 22.Bh6 Qxc5+
23.Kh1 g6 24.Bxf8 Kxf8 25.Rab1 Qxa3 26.Qg5 Rxb1 27.Rxb1 Qd6 28.Rb2 Nb6 29.Rd2 Qe6
30.Qh6+ Ke7 31.Qh4+ Kf8 32.Qxh7 Qf6 33.Qh6+ Kg8 34.Kg2 Nc4 35.Rd3 a5 36.h4 a4
37.h5 a5 38.Rd7 a3 39.Rc7 Nb6 40.Rb7 Qd6 41.Qc1 Nc4 42.hxg6 Qd2+ 43.Qxd2 Nxd2
44.gxf7+ Kf8 45.Rb5 Nc4 46.Rb1 Ne3+ 47.Kf2 Nc2 48.Rg1 a2 49.Ke2 a1=Q 50.Rxa1 Nxa1
51.Kd3 Nb3 52.Kc4 a4 53.Kb4 Nc5 54.c4 Kxf7  0-1

[Event "Open A"]
[Site "Zadar CRO"]
[Date "2007.12.19"]
[Round "5"]
[White "Sutkovic,D"]
[Black "Cebalo,M"]
[Result "0-1"]
[WhiteElo "2318"]
[BlackElo "2550"]

1.d4 Nf6 2.c4 e6 3.Nc3 Bb4 4.f3 c5 5.d5 d6 6.e4 Bxc3+ 7.bxc3 e5 8.Bd3 Nbd7
9.Ne2 Nf8 10.O-O Ng6 11.Rb1 Qc7 12.Be3 Bd7 13.Rb2 h6 14.Qb1 b6 15.Bc2 O-O
16.g4 Nh7 17.Ng3 Ng5 18.Qc1 Qd8 19.Bxg5 hxg5 20.Nh5 f6 21.a4 Rb8 22.Bd1 Kf7
23.Rff2 Rh8 24.Qa1 Rxh5 25.gxh5 Nf4 26.Rfd2 Qh8 27.a5 Qxh5 28.axb6 Qh4 29.Ba4 Bxa4
30.bxa7 Ra8 31.Rb7+ Kg6 32.Ra2 Rxa7 33.Rxa7 Bb3 34.Qf1 Nh3+ 35.Kh1 Bxc4 36.Qxc4 Qe1+  0-1

[Event "Harmonie Open A"]
[Site "Groningen NED"]
[Date "2007.12.22"]
[Round "2"]
[White "Van Ketel,R"]
[Black "Vogel,Ja"]
[Result "1-0"]
[WhiteElo "2336"]
[BlackElo "2218"]

1.d4 e6 2.c4 Nf6 3.Nc3 Bb4 4.f3 Nc6 5.a3 Bxc3+ 6.bxc3 b6 7.e4 Ba6 8.Bg5 h6
9.Bh4 Na5 10.Qa4 g5 11.Bg3 Nh5 12.c5 Bxf1 13.Kxf1 Nxg3+ 14.hxg3 Qc8 15.Ne2 Qa6
16.Kf2 Qc4 17.Qb4 f5 18.cxb6 axb6 19.Qb1 O-O-O 20.exf5 exf5 21.Qxf5 Rde8
22.Rae1 Qa2 23.Qb1 Qxa3 24.Qb5 Qa2 25.Ra1 Qd2 26.Rhe1 Kd8 27.Kf1 d6 28.d5 Re3
29.Rxa5 bxa5 30.Qb8+ Kd7 31.Qxh8 Qxd5 32.Qg7+ Re7 33.Qxe7+  1-0

[Event "57th ch-RUS w"]
[Site "Moscow RUS"]
[Date "2007.12.26"]
[Round "7"]
[White "Ovod,E"]
[Black "Kosintseva,T"]
[Result "1/2-1/2"]
[WhiteElo "2386"]
[BlackElo "2492"]

1.d4 Nf6 2.c4 e6 3.Nc3 Bb4 4.f3 O-O 5.a3 Bxc3+ 6.bxc3 Ne8 7.e4 b6 8.Nh3 Ba6
9.Bd3 Nc6 10.e5 Qh4+ 11.Nf2 f6 12.f4 fxe5 13.g3 Qe7 14.fxe5 Na5 15.Qe2 d5
16.Qc2 h6 17.Bh7+ Kh8 18.cxd5 exd5 19.Bg6 c5 20.Nh3 cxd4 21.cxd4 Rc8 22.Qd1 Rxc1
23.Qxc1 Nb3 24.Qc3 Nxa1 25.Nf4 Bc4 26.Bf5 Qg5 27.Ng6+ Kg8 28.h4 Nc2+ 29.Kd1 Qe3
30.Be6+ Rf7 31.Qxe3 Nxe3+ 32.Kd2 Nc7 33.Ne7+ Kf8 34.Ng6+ Ke8 35.Bxf7+ Kxf7
36.Nh8+ Kg8 37.Kxe3 Kxh8 38.Rh2 Kg8 39.Rf2 Ne6 40.g4 Bb5 41.Rc2 Bd7 42.Rf2 b5
43.Rf1 a5 44.Rf2 Nf8 45.Rc2 Kf7 46.Rc7 Ke7 47.Ra7 a4 48.g5 hxg5 49.hxg5 g6
50.Ra6 Ne6 51.Rd6 Nc7 52.Rxg6 b4 53.Rf6 bxa3 54.g6 Ne6 55.Rf7+ Ke8 56.Rf2 Bb5
57.Ra2 Kf8 58.Rxa3 Kg7 59.Ra2 Kxg6 60.Rf2 Kg7 61.Rf6 Bd7 62.Kd3 a3 63.Kc3 a2
64.Kb2 Nxd4 65.Kxa2 Nc6 66.Rd6 Be8 67.Kb2 d4 68.Kc2 Bg6+ 69.Kd2 Be4 70.Rxd4 Nxd4
71.Ke3 Bd5  1/2-1/2

[Event "37th Rilton Cup"]
[Site "Stockholm SWE"]
[Date "2007.12.30"]
[Round "4"]
[White "Adler,B"]
[Black "Kulaots,K"]
[Result "0-1"]
[WhiteElo "2208"]
[BlackElo "2547"]

1.d4 Nf6 2.c4 e6 3.Nc3 Bb4 4.f3 d5 5.a3 Bxc3+ 6.bxc3 c5 7.cxd5 Nxd5 8.Qd3 b6
9.e4 Ba6 10.Qc2 Bxf1 11.Kxf1 Ne7 12.Be3 O-O 13.Ne2 Qc7 14.dxc5 Nd7 15.cxb6 axb6
16.Kf2 Ne5 17.c4 Nxc4 18.Rhc1 b5 19.Kg1 Rfd8 20.Qb3 Qe5 21.Qc3 Nc6 22.a4 Qxc3
23.Rxc3 Nxe3 24.Rxc6 bxa4 25.Ra3 Nd1 26.Rc2 Rdb8 27.Nc3 Rc8  0-1

[Event "Open"]
[Site "Marianske Lazne CZE"]
[Date "2008.01.20"]
[Round "2"]
[White "Cafolla,P"]
[Black "Kozak,Mi"]
[Result "0-1"]
[WhiteElo "2048"]
[BlackElo "2181"]

1.d4 Nf6 2.c4 e6 3.Nc3 Bb4 4.f3 d5 5.a3 Bxc3+ 6.bxc3 c5 7.cxd5 Nxd5 8.dxc5 Qa5
9.e4 Ne7 10.Be3 O-O 11.Qb3 Qc7 12.a4 Nec6 13.f4 Na5 14.Qa3 Nd7 15.Nf3 b6
16.cxb6 axb6 17.Nd2 Bb7 18.Rb1 Rfc8 19.Kf2 Nf6 20.Be2 Bxe4 21.Rb4 Bf5 22.c4 Rab8
23.Qb2 Nd7 24.g4 Bg6 25.h4 Nc5 26.h5 Bd3 27.g5 Bxe2 28.Kxe2 Qc6 29.Rg1 e5
30.fxe5 Nxa4 31.Qa1 Nc5 32.Bxc5 Qxc5 33.Rb5 Qe7 34.Qd4 Nc6 35.Qd5 Qc7 36.Ne4 Rd8
37.Nd6 Nxe5 38.Qxe5 Rxd6 39.Qb2 Qxc4+ 40.Kf2 Qf4+ 41.Kg2 Rd2+  0-1

[Event "13th HIT Open A"]
[Site "Nova Gorica SLO"]
[Date "2008.01.27"]
[Round "3"]
[White "Erdos,V"]
[Black "Gonda,L"]
[Result "1/2-1/2"]
[WhiteElo "2575"]
[BlackElo "2507"]

1.d4 Nf6 2.c4 e6 3.Nc3 Bb4 4.f3 d5 5.a3 Bxc3+ 6.bxc3 c5 7.cxd5 Nxd5 8.dxc5 Qa5
9.e4 Ne7 10.Be3 O-O 11.Qb3 Qc7 12.Rd1 Nbc6 13.Ne2 e5 14.c4 f5 15.Nc3 fxe4
16.Nd5 Qa5+ 17.Bd2 Qd8 18.Bg5 Qa5+ 19.Bd2 Qd8 20.Bg5 Qa5+ 21.Bd2 Qd8  1/2-1/2

[Event "6th ch-PriFO Men"]
[Site "Kazan RUS"]
[Date "2008.01.28"]
[Round "6"]
[White "Palachev,P"]
[Black "Shkuro,A"]
[Result "1-0"]
[WhiteElo "1987"]
[BlackElo "2062"]

1.d4 Nf6 2.c4 e6 3.Nc3 Bb4 4.f3 d5 5.e3 O-O 6.a3 Bxc3+ 7.bxc3 b6 8.Bd3 Ba6
9.cxd5 Bxd3 10.Qxd3 exd5 11.Ne2 Re8 12.O-O Qc8 13.Ng3 Nc6 14.e4 Na5 15.e5 Nd7
16.Nf5 Nb3 17.Rb1 Nxc1 18.Rbxc1 b5 19.Ne3 Qb7 20.Rb1 a6 21.f4 Nf8 22.Ng4 c6
23.Qg3 Kh8 24.f5 Qc7 25.f6 g6 26.Qe3 Qd7 27.Qh6 Ne6 28.Rf3 Rg8 29.Qxh7+  1-0

[Event "ch-Kyiv Men"]
[Site "Kyiv UKR"]
[Date "2008.01.29"]
[Round "9"]
[White "Baklanova,T"]
[Black "Panchenko,AG"]
[Result "1-0"]
[WhiteElo "2257"]
[BlackElo "2327"]

1.d4 Nf6 2.c4 e6 3.Nc3 Bb4 4.f3 c5 5.d5 O-O 6.e4 exd5 7.cxd5 d6 8.Ne2 b5
9.Ng3 a6 10.a4 bxa4 11.Rxa4 Nbd7 12.Be2 Re8 13.O-O h6 14.Na2 a5 15.Nxb4 cxb4
16.Be3 Nb6 17.Ra1 Nfxd5 18.Bxh6 Qf6 19.Bc1 Nf4 20.Bb5 Rd8 21.Be3 d5 22.e5 Qh6
23.Qd4 g5 24.Qxb6 Be6 25.Rxa5 Rab8 26.Qd4 Ng6 27.Bd3 Ne7 28.Ra6 Qh4 29.Qxh4 gxh4
30.Bg5 hxg3 31.Bxe7 gxh2+ 32.Kxh2  1-0

[Event "FISS Int"]
[Site "San Cristobal VEN"]
[Date "2008.02.02"]
[Round "6"]
[White "Alvarez,Joh"]
[Black "Iturrizaga,E"]
[Result "1/2-1/2"]
[WhiteElo "2385"]
[BlackElo "2470"]

1.d4 Nf6 2.c4 e6 3.Nc3 Bb4 4.f3 d5 5.a3 Bxc3+ 6.bxc3 c5 7.cxd5 Nxd5 8.dxc5 Qa5
9.e4 Ne7 10.Be3 Nd7 11.Qb3 O-O 12.Nh3 Qc7 13.Nf2 Nxc5 14.Qc4 b6 15.Bxc5 bxc5
16.Nd3 Bb7 17.Qxc5 Rac8 18.Qxc7 Rxc7 19.Kd2 Rfc8 20.Be2 Nc6 21.Rhc1 Na5 22.Rab1 Nc4+
23.Ke1 Nxa3 24.Rb3 Nc4 25.Nb2 Nxb2 26.Rxb2 Kf8 27.Ra1 Bc6 28.Rba2 Be8 29.c4 Ra8
30.Ra5 Ke7 31.Kd2 f6 32.f4 Bc6 33.Ke3 Rb7 34.Bd3 Kd7 35.g4 g6 36.h4 Kc7 37.h5 f5
38.exf5 exf5 39.hxg6 hxg6 40.gxf5 gxf5 41.Rxf5 Rb3 42.Rf7+ Kb6 43.Rb1 Rxb1
44.Bxb1 Kc5 45.Rc7 Re8+ 46.Kd2 Kb6 47.Rg7 Be4 48.Rg1 Kc5 49.Re1 Bc6 50.Rxe8 Bxe8
51.Kc3 Bf7 52.Ba2 Be6  1/2-1/2

[Event "Velammal 45th National A ch-IND"]
[Site "Chennai IND"]
[Date "2008.02.04"]
[Round "2"]
[White "Akshat,K"]
[Black "Bakre,T"]
[Result "0-1"]
[WhiteElo "2307"]
[BlackElo "2459"]

1.d4 Nf6 2.c4 e6 3.Nc3 Bb4 4.f3 d5 5.a3 Bxc3+ 6.bxc3 c5 7.cxd5 Nxd5 8.dxc5 Qa5
9.e4 Nf6 10.Be3 O-O 11.Qb3 Nfd7 12.Nh3 Qc7 13.Qb4 Nc6 14.Qb3 Nce5 15.Qb4 b6
16.cxb6 axb6 17.Nf2 Ra4 18.Qb3 Nc5 19.Bxc5 Qxc5 20.Be2 Ba6 21.Bxa6 Rxa6 22.O-O Rfa8
23.Rfd1 g5 24.Qb4 Rxa3 25.Rxa3 Rxa3 26.Qxc5 bxc5 27.Nd3 Nxd3 28.Rxd3 c4 29.Re3 Ra2
30.e5 Rc2 31.h4 gxh4 32.Kh2 Kg7 33.Kh3 Kg6 34.Kxh4 Rxg2 35.Re4 Kf5 36.Rxc4 Kxe5
37.Re4+ Kf5 38.Kh3 Rc2 39.Rc4 e5 40.Kg3 f6 41.f4 e4 42.Rc5+ Kg6 43.Rc4 Re2
44.Kg4 h5+ 45.Kh4 Kf5 46.Rc5+ Kxf4 47.Kxh5 Rg2  0-1

[Event "10th TCh-Euro sen"]
[Site "Dresden GER"]
[Date "2008.02.15"]
[Round "5"]
[White "Aaltio,E"]
[Black "Mira,H"]
[Result "1-0"]
[WhiteElo "2111"]
[BlackElo "2153"]

1.d4 Nf6 2.c4 e6 3.Nc3 Bb4 4.f3 Bxc3+ 5.bxc3 d5 6.e3 O-O 7.Bd3 c5 8.Ne2 b6
9.O-O Qc7 10.cxd5 exd5 11.e4 dxe4 12.fxe4 Bg4 13.e5 Nd5 14.Qe1 Nc6 15.Bxh7+ Kxh7
16.Qh4+ Kg8 17.Qxg4 cxd4 18.cxd4 Rac8 19.Bh6 f6 20.Rac1 Qf7 21.e6 Qe7 22.Ng3 g5
23.Bxf8 Kxf8 24.Qe4 Qd8 25.Qg6 Qe8 26.Qxg5 Qxe6 27.Qh6+ Kg8 28.Qg6+ Kf8 29.Nf5 Qd7
30.Qh6+ Kg8 31.Rf3 Qh7 32.Qd2 Rc7 33.Qe1 Qd7 34.Qe4  1-0

[Event "10th TCh-Euro sen"]
[Site "Dresden GER"]
[Date "2008.02.15"]
[Round "5"]
[White "Andrich,H"]
[Black "Dickhoff,R"]
[Result "0-1"]
[WhiteElo "1992"]
[BlackElo "2158"]

1.d4 Nf6 2.c4 e6 3.Nc3 Bb4 4.f3 d5 5.a3 Bxc3+ 6.bxc3 c5 7.e3 O-O 8.Bd3 Nc6
9.Ne2 Na5 10.cxd5 exd5 11.O-O Re8 12.Qc2 c4 13.Bf5 Nb3 14.Rb1 Bxf5 15.Qxf5 Qc8
16.Qxc8 Raxc8 17.Re1 Rc6 18.Kf2 b5 19.Bb2 a5 20.Ng3 Rce6 21.Re2 g6 22.Rbe1 h5
23.h4 Nd7 24.e4 Nb6 25.e5 f6 26.exf6 Rxe2+ 27.Rxe2 Rxe2+ 28.Nxe2 Na4 29.Bc1 Nxc1
30.Nxc1 Nxc3 31.Ke3 b4 32.g4 bxa3 33.g5 a2 34.Nxa2 Nxa2  0-1

[Event "2nd Int Open Congress"]
[Site "Brentwood ENG"]
[Date "2008.02.16"]
[Round "2"]
[White "Talsma,P"]
[Black "Turner,Ma"]
[Result "1/2-1/2"]
[WhiteElo "2235"]
[BlackElo "2482"]

1.d4 Nf6 2.c4 e6 3.Nc3 Bb4 4.f3 c5 5.a3 Bxc3+ 6.bxc3 O-O 7.e4 d6 8.Bd3 cxd4
9.cxd4 e5 10.Ne2 exd4 11.Nxd4 Na6 12.O-O Nc5 13.Be2 Bd7 14.Bf4 Nh5 15.Be3 Qa5
16.Qe1 Qxe1 17.Rfxe1 Rac8 18.g4 Nf6 19.Bf4 Ne8 20.Kf2 Ne6 21.Be3 Nxd4 22.Bxd4 b6
23.a4 Be6 24.Rec1 Rc6 25.a5 Nc7 26.axb6 axb6 27.Rcb1 Rb8 28.Rb4 Kf8 29.Rab1 Na8
30.g5 Rbc8 31.Ra1 h6 32.gxh6 gxh6 33.Be3 Kg7 34.Rg1+ Kf6 35.Bxh6 Bxc4 36.Bg7+ Ke7
37.Bxc4 Rxc4 38.Rxc4 Rxc4 39.h4 Rc5 40.Bd4 Rh5 41.Ra1 Ra5 42.Rb1 Ke6 43.f4 f5
44.h5 fxe4 45.Rh1 Ra7 46.h6 Rh7 47.Ke3 Nc7 48.Kxe4 d5+ 49.Kf3 Kf5 50.Bxb6 Ne6
51.Be3 d4 52.Bd2 Nd8 53.Rh5+ Kf6 54.Ke4 Nf7 55.f5 Nd6+ 56.Kf4 d3 57.Bc3+ Kf7
58.Ke3 Rxh6 59.Rxh6 Nxf5+  1/2-1/2

[Event "2nd Int Open Congress"]
[Site "Brentwood ENG"]
[Date "2008.02.16"]
[Round "3"]
[White "Cutmore,M"]
[Black "Ledger,D"]
[Result "1-0"]
[WhiteElo "2051"]
[BlackElo "2277"]

1.d4 Nf6 2.c4 e6 3.Nc3 Bb4 4.f3 d5 5.a3 Bxc3+ 6.bxc3 c5 7.cxd5 Nxd5 8.dxc5 Qa5
9.e4 Ne7 10.Be3 O-O 11.Qb3 Qc7 12.a4 Nec6 13.Nh3 Na5 14.Qa3 e5 15.Nf2 Be6
16.Rb1 Rc8 17.Bb5 a6 18.Be2 Nd7 19.O-O Nxc5 20.Qb4 f6 21.Rfd1 Ncb3 22.Bb6 Qxc3
23.Rd8+ Kf7 24.Qxc3 Rxc3 25.Rxa8 Nc6 26.Nd1 Rc2 27.Bf1 Ncd4 28.Ne3 Ra2 29.Nc4 Rxa4
30.Bxd4  1-0